000 01086nas a2200289 i 4500
001 2219
003 ES-MaACL
005 20250828062530.0
007 t|
008 950801d19221927sp | | 1 ||pa d
080 _a(460)
080 _a37
245 0 3 _aLa segunda enseñanza /
_cdir., José Rogerio Sánchez.
246 1 3 _aRevista de segunda enseñanza
260 _aMadrid :
_b[s.n.],
_c1922-1927 (
_fImp. de los Hijos de Gómez Fuentenebro)
300 _a3 v. ;
_c21 cm.
310 _aMensual, excepto jun.-ag.,
_b1926-27
321 _aMensual, excepto jul.-sept.,
_b1922
321 _aTrimestral,
_b1924-1925
362 0 _aAño I, nº 1 (en. 1922)-año 1, nº 9 (dic. 1922) ; 2ª época, año 2, nº 10 (1 abr. 1924)-año 5, nº 36 (dic. 1927)
547 _aEn dic. 1922 deja de publicarse y se reanuda en abril 1924 con el título de: Revista de segunda enseñanza.
650 7 _aEducación
_2embne
_912073
700 1 _aSánchez, José Rogerio,
_d1876-1949
_9102387
852 _aES-MaACL
_jHEM-H-241
_xhem-1405
_d
866 0 _o1922.1924-26.
999 _c2219
_d2219